000 00454nam a2200181Ia 4500
003 OSt
005 20230522142407.0
008 210423s2001 xx 000 0 und d
040 _cAL
041 _aeng
082 _a658.3
_223
_bBRAH
100 _aBRAMHAN (John).
_9110245
245 _aHuman resource planning.
260 _aHyderabad
_bUniversities Press
_c2001
365 _b150
_cINR
906 _aHuman ; planning. ; resource
942 _2ddc
_cBK
999 _c172644
_d172644